Statistics for Nation-states with more Diaspora than Ethnic Inhabitants

Click here to take the quiz!

General Stats

  • This quiz has been taken 51 times
  • The average score is 9 of 20

Answer Stats

Diaspora as % of Ethnic InhabitantsCountry% Correct
265%United Kingdom
96%
745%Spain
87%
1365%Ireland
82%
473%Portugal
82%
101%Germany
78%
184%Armenia
67%
170%Lebanon
53%
245%Azerbaijan
49%
118%Norway
49%
189%Albania
47%
235%Afghanistan
38%
232%Mongolia
36%
104%Croatia
33%
255%Samoa
31%
172%Tonga
31%
266%Tajikistan
27%
542%Laos
24%
112%Eswatini
13%
241%Lesotho
13%
255%Botswana
9%

Score Distribution

Percentile by Number Answered

Percent of People with Each Score

Your Score History

You have not taken this quiz